Personajes de ficción por imagen - C - Estadísticas

Estadísticas generales
  • Esta prueba ha sido intentada 5.548 veces
    5.451 desde el último reinicio
  • La puntuación promedio es 13 de 20
Estadísticas de respuestas
Imagen Respuesta % Correcto
Cenicienta
96%
Calamardo
95%
Capitán América
89%
Casper
87%
Chucky
87%
Cruella de Vil
87%
Coco
81%
Charmander
77%
Candace
75%
Chicken Little
73%
Chewbacca
67%
Coraline
62%
Clark Kent
59%
Caperucita Roja
58%
Cho Chang
50%
Chapulín Colorado
48%
Charlie Brown
48%
Chip
45%
Conan el Bárbaro
31%
Condorito
26%
No se encontraron pruebas coincidentes
Distribución de puntuación
Porcentaje de gente con cada puntuación
Porcentaje por número respondido
Historial de tus puntuaciones
No has intentado esta prueba desde el último reinicio